000 00860nam a2200205Ia 4500
003 GCL
008 140319s9999 xx 000 0 ara d
040 _aGCL /
_cGCL
082 0 4 _aق
_b962.033
_bع ث
100 1 _aعبدالهادى محمد مسعود
245 1 0 _aالثورات فى مصر من عهد سعيد الى اخر عهد توفيق /
_cعبدالهادى محمد مسعود
260 _aالقاهرة :
_bمطبعة مخيمر
300 _a296 ص ؛
_c21 سم
490 _aسلسلة الثورات الحديثة فى الشرق
_v0
650 0 4 _aالثورات
650 0 4 _aمصر - تاريخ - الثورات
650 0 4 _aمصر - تاريخ - العصر الحديث - عصر اسماعيل ( 1863-1879 م )
650 0 4 _aمصر - تاريخ - العصر الحديث - محمد سعيد ( 1854-1863م )
942 _2ddc
_cBK
999 _c38316
_d38316